Best-selling video games 2023 - Statistics

General Stats
  • This quiz has been taken 3 times
  • The average score is 3 of 10
Answer Stats
Answer % Correct
Call of Duty: Modern Warfare 2
67%
Call of Duty: Modern Warfare 3
67%
Hogwarts Legacy
67%
The Legend of Zelda: Tears of the Kingdom
67%
Diablo IV
33%
Star Wars Jedi: Survivor
33%
Madden NFL 24
0%
Marvel´s Spider-Man 2
0%
Mortal Kombat 11
0%
Starfield
0%
No matching quizzes found
Score Distribution
Percent of People with Each Score
Percentile by Number Answered
Your Score History
You have not taken this quiz